[Event "DSJ Weihnachtsturnier U20w 2020"]
[Site "https://play.chessbase.com/en/play?room=DSJWeihnachtU20w"]
[Date "2020.12.29"]
[Round "6"]
[White "Göb, Franziska"]
[Black "Hasselmann, Isabelle Sophia"]
[Result "0-1"]
[Termination "normal"]
[Board "8.4"]
[WhiteElo "900"]
[BlackElo "1120"]
[WhiteTeam "Schachgemeinschaft Porz"]
[BlackTeam "TSG Oberschöneweide"]
[PlyCount "140"]
[WhiteFideId "16293177"]
[BlackFideId "16266951"]
[EventRounds "7"]
[EventType "team-swiss"]
[EventDate "2020.12.29"]

1. e4 {[%emt 0:00:08]} c6 {[%emt 0:00:17]} 2. d4 {[%emt 0:00:09]} d5 {[%emt 0:
00:02]} 3. e5 {[%emt 0:00:07]} Bf5 {[%emt 0:00:11]} 4. Nf3 {[%emt 0:00:13]} e6
{[%emt 0:00:03]} 5. c4 {[%emt 0:00:06]} c5 {[%emt 0:00:33]} 6. Nc3 {[%emt 0:00:
39]} cxd4 {[%emt 0:00:11]} 7. Nxd4 {[%emt 0:00:06]} Bg6 {[%emt 0:00:11]} 8. Bf4
{[%emt 0:00:18]} Bc5 {[%emt 0:00:40]} 9. Nf3 {[%emt 0:00:11]} Nc6 {[%emt 0:00:
19]} 10. cxd5 {[%emt 0:00:10]} exd5 {[%emt 0:00:22]} 11. Nxd5 {[%emt 0:00:05]}
Nge7 {[%emt 0:00:07]} 12. Nxe7 {[%emt 0:00:06]} Qxd1+ {[%emt 0:00:06]} 13. Rxd1
{[%emt 0:00:05]} Bxe7 {[%emt 0:00:02]} 14. Bb5 {[%emt 0:00:05]} Be4 {[%emt 0:
00:12]} 15. O-O {[%emt 0:00:15]} Bxf3 {[%emt 0:00:20]} 16. gxf3 {[%emt 0:00:04]
} Rc8 {[%emt 0:00:07]} 17. Rc1 {[%emt 0:00:16]} O-O {[%emt 0:00:15]} 18. Bxc6 {
[%emt 0:00:11]} Rxc6 {[%emt 0:00:05]} 19. Rxc6 {[%emt 0:00:06]} bxc6 {[%emt 0:
00:05]} 20. Rc1 {[%emt 0:00:07]} c5 {[%emt 0:00:07]} 21. Be3 {[%emt 0:00:08]}
Rc8 {[%emt 0:00:11]} 22. b4 {[%emt 0:00:08]} Kf8 {[%emt 0:00:23]} 23. bxc5 {
[%emt 0:00:06]} Ke8 {[%emt 0:00:03]} 24. c6 {[%emt 0:00:07]} a6 {[%emt 0:00:09]
} 25. Bb6 {[%emt 0:00:22]} Bg5 {[%emt 0:00:23]} 26. Rc2 {[%emt 0:00:13]} Ke7 {
[%emt 0:00:05]} 27. c7 {[%emt 0:00:11]} Ke6 {[%emt 0:00:21]} 28. Rc5 {[%emt 0:
00:20]} Bf4 {[%emt 0:00:20]} 29. Ra5 {[%emt 0:00:33]} Bxe5 {[%emt 0:00:12]} 30.
Rc5 {[%emt 0:00:07]} f6 {[%emt 0:00:18]} 31. Kf1 {[%emt 0:00:05]} Kd7 {[%emt 0:
00:08]} 32. Rd5+ {[%emt 0:00:09]} Kc6 {[%emt 0:00:11]} 33. Rd8 {[%emt 0:00:19]}
Kb7 {[%emt 0:00:07]} 34. Rxc8 {[%emt 0:00:43]} Kxc8 {[%emt 0:00:10]} 35. Ke2 {
[%emt 0:00:06]} Bxc7 {[%emt 0:00:03]} 36. Bc5 {[%emt 0:00:06]} Kb7 {[%emt 0:00:
08]} 37. h3 {[%emt 0:00:05]} Kc6 {[%emt 0:00:03]} 38. Bf8 {[%emt 0:00:04]} g6 {
[%emt 0:00:03]} 39. Be7 {[%emt 0:00:05]} f5 {[%emt 0:00:03]} 40. Ke3 {[%emt 0:
00:09]} Kb5 {[%emt 0:00:16]} 41. Kd4 {[%emt 0:00:15]} a5 {[%emt 0:00:08]} 42.
Kd5 {[%emt 0:00:07]} a4 {[%emt 0:00:02]} 43. Kd4 {[%emt 0:00:22]} Ba5 {[%emt 0:
00:06]} 44. Kd3 {[%emt 0:00:07]} Bb4 {[%emt 0:00:07]} 45. Kc2 {[%emt 0:00:05]}
Bxe7 {[%emt 0:00:04]} 46. Kb2 {[%emt 0:00:05]} Kc4 {[%emt 0:00:06]} 47. Kc2 {
[%emt 0:00:06]} Kd4 {[%emt 0:00:12]} 48. Kd2 {[%emt 0:00:03]} Bb4+ {[%emt 0:00:
05]} 49. Kc2 {[%emt 0:00:02]} a3 {[%emt 0:00:04]} 50. Kb3 {[%emt 0:00:06]} Be7
{[%emt 0:00:03]} 51. Kc2 {[%emt 0:00:09]} Ke5 {[%emt 0:00:02]} 52. Kd3 { [%emt
0:00:07]} Kf4 {[%emt 0:00:02]} 53. Ke2 {[%emt 0:00:03]} g5 {[%emt 0:00: 03]}
54. Kf1 {[%emt 0:00:12]} Kxf3 {[%emt 0:00:04]} 55. Kg1 {[%emt 0:00:03]} g4
{[%emt 0:00:14]} 56. hxg4 {[%emt 0:00:04]} fxg4 {[%emt 0:00:02]} 57. Kf1 {
[%emt 0:00:03]} h5 {[%emt 0:00:02]} 58. Kg1 {[%emt 0:00:03]} h4 {[%emt 0:00:01]
} 59. Kf1 {[%emt 0:00:03]} h3 {[%emt 0:00:05]} 60. Kg1 {[%emt 0:00:02]} Bd6 {
[%emt 0:00:04]} 61. Kf1 {[%emt 0:00:07]} h2 {[%emt 0:00:04]} 62. Ke1 {[%emt 0:
00:03]} h1=Q+ {[%emt 0:00:02]} 63. Kd2 {[%emt 0:00:02]} Qh6+ {[%emt 0:00:07]}
64. Kc3 {[%emt 0:00:02]} Qe6 {[%emt 0:00:08]} 65. Kc2 {[%emt 0:00:02]} Qd5 {
[%emt 0:00:06]} 66. Kb1 {[%emt 0:00:02]} Qc4 {[%emt 0:00:02]} 67. Ka1 {[%emt 0:
00:02]} Ke2 {[%emt 0:00:10]} 68. Kb1 {[%emt 0:00:03]} Kd1 {[%emt 0:00:04]} 69.
Ka1 {[%emt 0:00:02]} Be5+ {[%emt 0:00:04]} 70. Kb1 {[%emt 0:00:02]} Qc2# {
[%emt 0:00:01]} 0-1

[Event "DSJ Weihnachtsturnier U20w 2020"]
[Site "https://play.chessbase.com/en/play?room=DSJWeihnachtU20w"]
[Date "2020.12.29"]
[Round "6"]
[White "Obst, Daria"]
[Black "Werner, Rosalie"]
[Result "0-1"]
[Termination "normal"]
[Board "9.1"]
[WhiteElo "1205"]
[BlackElo "1751"]
[WhiteTeam "SC Papenburg 2"]
[BlackTeam "VSG 1880 Offenbach"]
[PlyCount "152"]
[BlackFideId "16223748"]
[EventRounds "7"]
[EventType "team-swiss"]
[EventDate "2020.12.29"]

1. e4 {[%emt 0:00:05]} e6 {[%emt 0:00:03]} 2. d4 {[%emt 0:00:03]} d5 {[%emt 0:
00:03]} 3. exd5 {[%emt 0:00:02]} exd5 {[%emt 0:00:02]} 4. Nf3 {[%emt 0:00:02]}
Bd6 {[%emt 0:00:02]} 5. Bd3 {[%emt 0:00:02]} Ne7 {[%emt 0:00:02]} 6. O-O {
[%emt 0:00:02]} Nbc6 {[%emt 0:00:04]} 7. Be3 {[%emt 0:00:16]} Bg4 {[%emt 0:00:
05]} 8. h3 {[%emt 0:00:03]} Bh5 {[%emt 0:00:04]} 9. Nbd2 {[%emt 0:00:05]} Qd7 {
[%emt 0:00:03]} 10. c4 {[%emt 0:00:08]} dxc4 {[%emt 0:00:42]} 11. Bxc4 { [%emt
0:00:08]} O-O {[%emt 0:00:10]} 12. Bb5 {[%emt 0:00:15]} a6 {[%emt 0:00: 03]}
13. Ba4 {[%emt 0:00:25]} Qf5 {[%emt 0:00:20]} 14. Bc2 {[%emt 0:00:11]} Qf6
{[%emt 0:00:22]} 15. Ne4 {[%emt 0:00:25]} Qe6 {[%emt 0:00:29]} 16. d5 {[%emt 0:
00:08]} Qxd5 {[%emt 0:00:20]} 17. Qxd5 {[%emt 0:00:26]} Nxd5 {[%emt 0:00:00]}
18. Rad1 {[%emt 0:00:08]} Nxe3 {[%emt 0:00:14]} 19. fxe3 {[%emt 0:00:03]
Offenba2-001 reconnected. Offenba2-001 reconnected.} Rad8 {[%emt 0:00:59]} 20.
Rd5 {[%emt 0:00:23]} Bh2+ {[%emt 0:00:09]} 21. Nxh2 {[%emt 0:00:10]} Rxd5 {
[%emt 0:00:10]} 22. Nc3 {[%emt 0:00:56]} Bg6 {[%emt 0:00:16]} 23. Bxg6 { [%emt
0:00:11]} Rd2 {[%emt 0:00:15]} 24. Be4 {[%emt 0:00:54]} Rxb2 {[%emt 0:00: 10]}
25. Rb1 {[%emt 0:01:05]} Rxb1+ {[%emt 0:00:10]} 26. Bxb1 {[%emt 0:00:05]} Rd8
{[%emt 0:00:10]} 27. Nf3 {[%emt 0:00:11]} Nb4 {[%emt 0:00:17]} 28. a3 { [%emt
0:00:10]} Nd3 {[%emt 0:00:02]} 29. Kf1 {[%emt 0:00:28]} b5 {[%emt 0:00: 13]}
30. Ke2 {[%emt 0:00:14]} Nb2 {[%emt 0:00:06]} 31. Ne5 {[%emt 0:00:28]} f6
{[%emt 0:00:15]} 32. Ba2+ {[%emt 0:00:36]} Kf8 {[%emt 0:00:05]} 33. Nc6 { [%emt
0:00:15]} Rd3 {[%emt 0:00:15]} 34. Nb1 {[%emt 0:00:20]} Rd6 {[%emt 0:00: 14]}
35. Nd4 {[%emt 0:00:10]} c5 {[%emt 0:00:12]} 36. Nc2 {[%emt 0:00:19]} a5 {
[%emt 0:00:16]} 37. Nc3 {[%emt 0:00:14]} b4 {[%emt 0:00:11]} 38. axb4 {[%emt 0:
00:02]} axb4 {[%emt 0:00:21]} 39. Nb5 {[%emt 0:00:11]} Rb6 {[%emt 0:00:18]} 40.
Nc7 {[%emt 0:00:10]} b3 {[%emt 0:00:08]} 41. Bb1 {[%emt 0:00:15]} bxc2 { [%emt
0:00:04]} 42. Bxc2 {[%emt 0:00:01]} Nc4 {[%emt 0:00:08]} 43. Nd5 { [%emt
0:00:05]} Rb2 {[%emt 0:00:09]} 44. Kd3 {[%emt 0:00:02]} Ne5+ {[%emt 0:00: 03]}
45. Kc3 {[%emt 0:00:06]} Rb8 {[%emt 0:00:07]} 46. Nc7 {[%emt 0:00:08]} Ke7
{[%emt 0:00:05]} 47. Nd5+ {[%emt 0:00:02]} Kd6 {[%emt 0:00:03]} 48. e4 { [%emt
0:00:01]} Nc6 {[%emt 0:00:15]} 49. Kc4 {[%emt 0:00:08]} Nd4 {[%emt 0:00: 04]}
50. Ba4 {[%emt 0:00:05]} Nc6 {[%emt 0:00:33]} 51. g4 {[%emt 0:00:03]} Ne5+
{[%emt 0:00:02]} 52. Kc3 {[%emt 0:00:16]} Rb7 {[%emt 0:00:04]} 53. Kc2 { [%emt
0:00:03]} c4 {[%emt 0:00:06]} 54. Kc3 {[%emt 0:00:01]} Ra7 {[%emt 0:00: 03]}
55. Bd1 {[%emt 0:00:02]} Ra3+ {[%emt 0:00:03]} 56. Kc2 {[%emt 0:00:02]} Rxh3
{[%emt 0:00:03]} 57. Kb2 {[%emt 0:00:02]} Rh1 {[%emt 0:00:05]} 58. Kc2 { [%emt
0:00:02]} Rh2+ {[%emt 0:00:04]} 59. Kc1 {[%emt 0:00:02]} Rg2 {[%emt 0:00: 07]}
60. Bf3 {[%emt 0:00:02]} Nxf3 {[%emt 0:00:02]} 61. Nc3 {[%emt 0:00:02]} Nd4
{[%emt 0:00:05]} 62. Kd1 {[%emt 0:00:02]} Ke5 {[%emt 0:00:03]} 63. Kc1 { [%emt
0:00:02]} Rxg4 {[%emt 0:00:03]} 64. Kd1 {[%emt 0:00:02]} Rxe4 {[%emt 0: 00:01]}
65. Nxe4 {[%emt 0:00:02]} Kxe4 {[%emt 0:00:00]} 66. Kd2 {[%emt 0:00:01] } h5
{[%emt 0:00:01]} 67. Kc1 {[%emt 0:00:02]} h4 {[%emt 0:00:01]} 68. Kb2 { [%emt
0:00:01]} h3 {[%emt 0:00:01]} 69. Ka3 {[%emt 0:00:02]} h2 {[%emt 0:00:01] } 70.
Kb4 {[%emt 0:00:01]} h1=Q {[%emt 0:00:02]} 71. Kxc4 {[%emt 0:00:02]} Qc1+
{[%emt 0:00:03]} 72. Kb4 {[%emt 0:00:02]} Qc2 {[%emt 0:00:05]} 73. Ka5 { [%emt
0:00:02]} Qb3 {[%emt 0:00:09]} 74. Ka6 {[%emt 0:00:02]} Qb5+ {[%emt 0:00: 04]}
75. Ka7 {[%emt 0:00:02]} Nc6+ {[%emt 0:00:01]} 76. Ka8 {[%emt 0:00:02]} Qb8#
{[%emt 0:00:00]} 0-1

[Event "DSJ Weihnachtsturnier U20w 2020"]
[Site "https://play.chessbase.com/en/play?room=DSJWeihnachtU20w"]
[Date "2020.12.29"]
[Round "6"]
[White "Wagner, Lea"]
[Black "Kube, Maja"]
[Result "1-0"]
[Termination "normal"]
[Board "9.4"]
[WhiteElo "757"]
[BlackElo "979"]
[WhiteTeam "VSG 1880 Offenbach"]
[BlackTeam "SC Papenburg 2"]
[PlyCount "73"]
[WhiteFideId "34620680"]
[BlackFideId "16298268"]
[EventRounds "7"]
[EventType "team-swiss"]
[EventDate "2020.12.29"]

1. e4 {[%emt 0:00:02]} e5 {[%emt 0:00:05]} 2. Nf3 {[%emt 0:00:04]} Nc6 { [%emt
0:00:05]} 3. Bc4 {[%emt 0:00:03]} Bc5 {[%emt 0:00:03]} 4. c3 {[%emt 0:00: 02]}
d6 {[%emt 0:00:09]} 5. d4 {[%emt 0:00:02]} exd4 {[%emt 0:00:20]} 6. cxd4 {
[%emt 0:00:02]} Nxd4 {[%emt 0:00:06]} 7. Nxd4 {[%emt 0:00:04]} Nf6 {[%emt 0:00:
31]} 8. Bg5 {[%emt 0:00:14]} c6 {[%emt 0:00:15]} 9. Bxf6 {[%emt 0:00:28]} Qxf6
{[%emt 0:00:19]} 10. Nb3 {[%emt 0:00:58]} Qxb2 {[%emt 0:00:12]} 11. O-O { [%emt
0:00:49]} Qxa1 {[%emt 0:00:39]} 12. Nxa1 {[%emt 0:00:08]} b5 {[%emt 0:00: 40]}
13. Bb3 {[%emt 0:00:12]} O-O {[%emt 0:01:01]} 14. Nc3 {[%emt 0:00:29]} Bd7
{[%emt 0:01:03]} 15. Re1 {[%emt 0:00:31]} Rfe8 {[%emt 0:00:11]} 16. Qf3 { [%emt
0:01:05]} Re7 {[%emt 0:00:14]} 17. Nc2 {[%emt 0:00:54]} Rae8 {[%emt 0:00: 18]}
18. Na3 {[%emt 0:01:09]} Bb4 {[%emt 0:00:42]} 19. Nc2 {[%emt 0:00:46]} Bxc3
{[%emt 0:00:20]} 20. Qxc3 {[%emt 0:00:05]} d5 {[%emt 0:00:09]} 21. e5 { [%emt
0:00:05]} f6 {[%emt 0:00:08]} 22. exf6 {[%emt 0:00:06]} Rxe1+ {[%emt 0: 00:58]}
23. Nxe1 {[%emt 0:00:03]} gxf6 {[%emt 0:01:11]} 24. Qg3+ {[%emt 0:00: 15]} Kf7
{[%emt 0:00:14]} 25. Kf1 {[%emt 0:00:19]} c5 {[%emt 0:00:23]} 26. Bxd5+ {[%emt
0:00:10]} Be6 {[%emt 0:00:13]} 27. Bxe6+ {[%emt 0:00:09]} Rxe6 { [%emt
0:00:02]} 28. Qc7+ {[%emt 0:00:07]} Re7 {[%emt 0:00:02]} 29. Qxc5 { [%emt
0:00:05]} a6 {[%emt 0:00:07]} 30. Qh5+ {[%emt 0:00:04]} Ke6 {[%emt 0:00: 05]}
31. Qe2+ {[%emt 0:00:04]} Kd7 {[%emt 0:00:03]} 32. Qd3+ {[%emt 0:00:04]} Ke8
{[%emt 0:00:02]} 33. Qa3 {[%emt 0:00:16]} Kf7 {[%emt 0:00:10]} 34. Qxa6 { [%emt
0:00:05]} h6 {[%emt 0:00:06]} 35. Qxb5 {[%emt 0:00:05]} Kf8 {[%emt 0:00: 04]}
36. Qb8+ {[%emt 0:00:06] Papenbg2-004 bietet Remis} Kf7 {[%emt 0:00:05] '} 37.
Qb3+ {[%emt 0:00:04] Zeit} 1-0

[Event "DSJ Weihnachtsturnier U20w 2020"]
[Site "https://play.chessbase.com/en/play?room=DSJWeihnachtU20w"]
[Date "2020.12.29"]
[Round "6"]
[White "Röll, Lea"]
[Black "Bobkova, Mariya"]
[Result "1-0"]
[Termination "normal"]
[Board "10.2"]
[WhiteElo "1079"]
[BlackElo "842"]
[WhiteTeam "Schach-Club Vaterstetten-Grasbrunn"]
[BlackTeam "SC Garching 1980 2"]
[PlyCount "45"]
[WhiteFideId "16255437"]
[EventRounds "7"]
[EventType "team-swiss"]
[EventDate "2020.12.29"]

1. d4 {[%emt 0:00:11]} Nf6 {[%emt 0:00:05]} 2. c4 { [%emt 0:00:05]} d5 {[%emt
0:00:07]} 3. Nc3 {[%emt 0:00:06]} c6 {[%emt 0:00:06]} 4. Nf3 {[%emt 0:00:15]}
Bg4 {[%emt 0:00:03]} 5. Bg5 {[%emt 0:00:03]} dxc4 { [%emt 0:00:05]} 6. e3
{[%emt 0:00:06]} h6 {[%emt 0:00:18]} 7. Bxf6 {[%emt 0:00: 06]} exf6 {[%emt
0:00:11]} 8. Bxc4 {[%emt 0:00:08]} Bd6 {[%emt 0:00:29]} 9. O-O {[%emt 0:00:18]}
O-O {[%emt 0:00:02]} 10. Qd3 {[%emt 0:00:31]} Re8 {[%emt 0:00: 24]} 11. Rfe1
{[%emt 0:00:12]} f5 {[%emt 0:00:05]} 12. d5 {[%emt 0:00:25]} Bxf3 {[%emt
0:00:13]} 13. gxf3 {[%emt 0:00:05]} Qg5+ {[%emt 0:00:02]} 14. Kh1 { [%emt
0:00:18]} b5 {[%emt 0:00:19]} 15. Bb3 {[%emt 0:00:13]} cxd5 {[%emt 0:00: 03]}
16. Rg1 {[%emt 0:00:07]} Qh4 {[%emt 0:00:15]} 17. Rg2 {[%emt 0:00:12]} Nd7
{[%emt 0:00:21]} 18. Qxd5 {[%emt 0:00:04]} Re6 {[%emt 0:00:50]} 19. Qxf5 {
[%emt 0:00:11]} Rf6 {[%emt 0:00:43]} 20. Qxd7 {[%emt 0:00:07]} Rg6 {[%emt 0:00:
42]} 21. Qxf7+ {[%emt 0:00:05]} Kh7 {[%emt 0:00:08]} 22. Qxg6+ {[%emt 0:00:03]}
Kh8 {[%emt 0:00:55]} 23. Qxg7# {[%emt 0:00:05]

[Event "DSJ Weihnachtsturnier U20w 2020"]
[Site "https://play.chessbase.com/en/play?room=DSJWeihnachtU20w"]
[Date "2020.12.29"]
[Round "6"]
[White "Clarke-Griebsch, Elisa"]
[Black "Röll, Laura"]
[Result "0-1"]
[Termination "normal"]
[Board "10.3"]
[WhiteElo "966"]
[BlackElo "1038"]
[WhiteTeam "SC Garching 1980 2"]
[BlackTeam "Schach-Club Vaterstetten-Grasbrunn"]
[PlyCount "96"]
[BlackFideId "16213394"]
[EventRounds "7"]
[EventType "team-swiss"]
[EventDate "2020.12.29"]

1. e4 {[%emt 0:00:04]} e6 {[%emt 0:00:10]} 2. d4 {[%emt 0:00:05]} d5 {[%emt 0:
00:03]} 3. Nc3 {[%emt 0:00:03]} Bb4 {[%emt 0:00:05]} 4. Bd3 {[%emt 0:00:09]}
Nf6 {[%emt 0:00:14]} 5. exd5 {[%emt 0:00:42]} exd5 {[%emt 0:00:07]} 6. Bg5 {
[%emt 0:00:09]} O-O {[%emt 0:00:06]} 7. Nf3 {[%emt 0:00:05]} Nc6 {[%emt 0:00:
10]} 8. O-O {[%emt 0:00:13]} Bxc3 {[%emt 0:00:10]} 9. bxc3 {[%emt 0:00:02]} Bg4
{[%emt 0:00:13]} 10. Re1 {[%emt 0:00:11]} Qd6 {[%emt 0:00:06]} 11. Rb1 { [%emt
0:00:29]} b6 {[%emt 0:00:04]} 12. h3 {[%emt 0:00:29]} Bh5 {[%emt 0:00:06] } 13.
Bf5 {[%emt 0:00:21]} Nd7 {[%emt 0:00:47]} 14. Qd3 {[%emt 0:00:31]} h6 { [%emt
0:00:25]} 15. Bh4 {[%emt 0:00:15]} Nf6 {[%emt 0:00:10]} 16. Bxf6 { [%emt
0:00:34]} Qxf6 {[%emt 0:00:04]} 17. Bh7+ {[%emt 0:00:06]} Kh8 {[%emt 0: 00:04]}
18. Ne5 {[%emt 0:00:35]} Nxe5 {[%emt 0:00:32]} 19. dxe5 {[%emt 0:00:04] } Qg5
{[%emt 0:00:04]} 20. e6 {[%emt 0:00:12]} Rae8 {[%emt 0:00:09]} 21. exf7 { [%emt
0:00:06]} Bxf7 {[%emt 0:00:11]} 22. Rb4 {[%emt 0:00:40]} Be6 {[%emt 0:00: 11]}
23. Bg6 {[%emt 0:00:55]} Bxh3 {[%emt 0:01:04]} 24. Qxh3 {[%emt 0:00:17]} Rxe1+
{[%emt 0:00:04]} 25. Kh2 {[%emt 0:00:05]} Qxg6 {[%emt 0:00:09]} 26. Rg4 { [%emt
0:00:12]} Qd6+ {[%emt 0:00:05]} 27. g3 {[%emt 0:00:15]} Rxf2+ {[%emt 0: 00:03]}
28. Qg2 {[%emt 0:00:04]} Rxg2+ {[%emt 0:00:07]} 29. Kxg2 {[%emt 0:00: 02]} Re2+
{[%emt 0:00:04]} 30. Kf3 {[%emt 0:00:06]} Rxc2 {[%emt 0:00:02]} 31. Ke3 {[%emt
0:00:02]} Rxc3+ {[%emt 0:00:02]} 32. Kd4 {[%emt 0:00:02]} Rc4+ { [%emt
0:00:05]} 33. Kd3 {[%emt 0:00:03]} Rxg4 {[%emt 0:00:02]} 34. Ke3 { [%emt
0:00:04]} Qe5+ {[%emt 0:00:03]} 35. Kf3 {[%emt 0:00:02]} Qe4+ {[%emt 0: 00:03]}
36. Kf2 {[%emt 0:00:02]} Qa4 {[%emt 0:00:09]} 37. Kf3 {[%emt 0:00:04]} Rc4
{[%emt 0:00:07]} 38. Ke3 {[%emt 0:00:03]} Qa3+ {[%emt 0:00:04]} 39. Kd2 { [%emt
0:00:03]} Qc3+ {[%emt 0:00:08]} 40. Ke2 {[%emt 0:00:04]} Re4+ {[%emt 0: 00:07]}
41. Kf2 {[%emt 0:00:03]} Qa3 {[%emt 0:00:05]} 42. Kg2 {[%emt 0:00:04]} Qxa2+
{[%emt 0:00:02]} 43. Kf3 {[%emt 0:00:02]} Qc4 {[%emt 0:00:03]} 44. Kg2 { [%emt
0:00:03]} Qe2+ {[%emt 0:00:11]} 45. Kh3 {[%emt 0:00:02]} g5 {[%emt 0:00: 07]}
46. g4 {[%emt 0:00:05]} Qf3+ {[%emt 0:00:01]} 47. Kh2 {[%emt 0:00:02]} Re2+
{[%emt 0:00:01]} 48. Kg1 {[%emt 0:00:01]} Qg2# {[%emt 0:00:01]} 0-1

[Event "DSJ Weihnachtsturnier U20w 2020"]
[Site "https://play.chessbase.com/en/play?room=DSJWeihnachtU20w"]
[Date "2020.12.29"]
[Round "6"]
[White "Ramakrishnan, Veda"]
[Black "Desabhatla, Sahasra"]
[Result "0-1"]
[Termination "normal"]
[Board "10.4"]
[WhiteElo "894"]
[BlackElo "705"]
[WhiteTeam "Schach-Club Vaterstetten-Grasbrunn"]
[BlackTeam "SC Garching 1980 2"]
[PlyCount "60"]
[WhiteFideId "16269519"]
[EventRounds "7"]
[EventType "team-swiss"]
[EventDate "2020.12.29"]

1. e4 {[%emt 0:00:00] Garchin2-004 reconnected.} e5 {[%emt 0:00:06]} 2. Nf3 {
[%emt 0:00:06]} Nc6 {[%emt 0:00:02]} 3. Nc3 {[%emt 0:00:04]} Nf6 {[%emt 0:00:
09]} 4. Bc4 {[%emt 0:00:17]} Bc5 {[%emt 0:00:05]} 5. d3 {[%emt 0:00:09]} d6 {
[%emt 0:00:03]} 6. Bg5 {[%emt 0:00:05]} h6 {[%emt 0:00:04]} 7. Bh4 {[%emt 0:00:
04]} O-O {[%emt 0:00:05]} 8. Nb5 {[%emt 0:00:32]} a6 {[%emt 0:00:07]} 9. Nc3 {
[%emt 0:00:24]} Bg4 {[%emt 0:00:07]} 10. h3 {[%emt 0:00:07]} Bxf3 {[%emt 0:00:
02]} 11. gxf3 {[%emt 0:00:04]} b5 {[%emt 0:00:21]} 12. Bd5 {[%emt 0:00:31]} b4
{[%emt 0:00:22]} 13. Ne2 {[%emt 0:00:15]} Rb8 {[%emt 0:00:26]} 14. Bxc6 { [%emt
0:00:14] Garchin2-004 reconnected.} b3 {[%emt 0:01:42]} 15. cxb3 { [%emt
0:00:05]} Rb6 {[%emt 0:00:21]} 16. Bd5 {[%emt 0:00:13] Garchin2-004
reconnected.} Bb4+ {[%emt 0:00:13]} 17. Nc3 {[%emt 0:00:24]} Bxc3+ {[%emt 0:00:
08]} 18. bxc3 {[%emt 0:00:03]} c6 {[%emt 0:00:11]} 19. Bc4 {[%emt 0:00:30]} d5
{[%emt 0:00:04]} 20. exd5 {[%emt 0:00:03]} cxd5 {[%emt 0:00:03]} 21. Bxd5 {
[%emt 0:00:04]} Qxd5 {[%emt 0:00:07]} 22. c4 {[%emt 0:00:03]} Qd4 {[%emt 0:00:
10]} 23. Bxf6 {[%emt 0:00:18]} Rxf6 {[%emt 0:00:08]} 24. b4 {[%emt 0:00:21]}
Rg6 {[%emt 0:00:13]} 25. f4 {[%emt 0:00:13]} exf4 {[%emt 0:00:04]} 26. Qh5 {
[%emt 0:00:13]} Qxa1+ {[%emt 0:00:05]} 27. Kd2 {[%emt 0:00:09]} Qb2+ {[%emt 0:
00:14]} 28. Ke1 {[%emt 0:00:16]} Re8+ {[%emt 0:00:06]} 29. Kf1 {[%emt 0:00:13]}
Qc1+ {[%emt 0:00:11]} 30. Qd1 {[%emt 0:00:35]} Qxd1# {[%emt 0:00:02]} 0-1

[Event "DSJ Weihnachtsturnier U20w 2020"]
[Site "https://play.chessbase.com/en/play?room=DSJWeihnachtU20w"]
[Date "2020.12.29"]
[Round "6"]
[White "Gubler, Katharina"]
[Black "Ruckes, Lilly"]
[Result "1-0"]
[Termination "normal"]
[Board "11.1"]
[WhiteElo "1330"]
[BlackElo "845"]
[WhiteTeam "SK Kelheim 1920"]
[BlackTeam "Schachzwerge Magdeburg 2"]
[PlyCount "45"]
[WhiteFideId "16282990"]
[BlackFideId "34600825"]
[EventRounds "7"]
[EventType "team-swiss"]
[EventDate "2020.12.29"]

1. e4 {[%emt 0:00:03]} e5 {[%emt 0:00:03]} 2. Nf3 {[%emt 0:00:02]} Nc6 { [%emt
0:00:02]} 3. Bc4 {[%emt 0:00:06]} Bc5 {[%emt 0:00:02]} 4. Nc3 {[%emt 0: 00:03]}
Na5 {[%emt 0:00:26]} 5. Nxe5 {[%emt 0:01:22]} Qe7 {[%emt 0:00:21]} 6. Bxf7+
{[%emt 0:00:15]} Kd8 {[%emt 0:00:04]} 7. d4 {[%emt 0:00:05]} Nf6 { [%emt
0:00:17]} 8. O-O {[%emt 0:00:26]} Nc6 {[%emt 0:00:25]} 9. Nxc6+ {[%emt 0:
00:47]} dxc6 {[%emt 0:00:03]} 10. dxc5+ {[%emt 0:00:04]} Nd7 {[%emt 0:00:07]}
11. Bb3 {[%emt 0:00:07]} Ke8 {[%emt 0:00:14]} 12. Qf3 {[%emt 0:00:08]} Ne5 {
[%emt 0:00:13]} 13. Qh5+ {[%emt 0:00:17]} g6 {[%emt 0:00:03]} 14. Qg5 {[%emt 0:
00:21]} Qxc5 {[%emt 0:00:14]} 15. Be3 {[%emt 0:00:19]} Nf7 {[%emt 0:00:08]} 16.
Qxc5 {[%emt 0:00:05]} b6 {[%emt 0:00:11]} 17. Qc4 {[%emt 0:00:05]} Nd6 { [%emt
0:00:04]} 18. Qd4 {[%emt 0:00:04]} Rf8 {[%emt 0:00:07]} 19. Qe5+ { [%emt
0:00:07]} Kd7 {[%emt 0:00:12]} 20. Be6+ {[%emt 0:00:05]} Kd8 {[%emt 0:00: 03]}
21. Bg5+ {[%emt 0:00:03]} Ke8 {[%emt 0:00:07]} 22. Bb3+ {[%emt 0:00:20]} Be6
{[%emt 0:00:10]} 23. Qxe6# {[%emt 0:00:04]} 1-0

[Event "DSJ Weihnachtsturnier U20w 2020"]
[Site "https://play.chessbase.com/en/play?room=DSJWeihnachtU20w"]
[Date "2020.12.29"]
[Round "6"]
[White "Lahne, Paula"]
[Black "Bangsa, Citra"]
[Result "0-1"]
[Termination "normal"]
[Board "11.2"]
[WhiteElo "816"]
[BlackElo "1398"]
[WhiteTeam "Schachzwerge Magdeburg 2"]
[BlackTeam "SK Kelheim 1920"]
[PlyCount "74"]
[WhiteFideId "34639730"]
[BlackFideId "34605274"]
[EventRounds "7"]
[EventType "team-swiss"]
[EventDate "2020.12.29"]

1. e4 {[%emt 0:00:04]} c5 {[%emt 0:00:03]} 2. Nf3 {[%emt 0:00:03]} Nc6 { [%emt
0:00:07]} 3. Bc4 {[%emt 0:00:10]} e6 {[%emt 0:00:07]} 4. Nc3 {[%emt 0:00: 04]}
d6 {[%emt 0:00:37]} 5. d3 {[%emt 0:00:14]} Be7 {[%emt 0:00:04]} 6. h3 { [%emt
0:00:06]} Nf6 {[%emt 0:00:05]} 7. Bg5 {[%emt 0:00:06]} h6 {[%emt 0:00:04] } 8.
Bh4 {[%emt 0:00:06]} Na5 {[%emt 0:00:24]} 9. Bb5+ {[%emt 0:00:07]} Bd7 { [%emt
0:00:03]} 10. Bxd7+ {[%emt 0:00:08]} Nxd7 {[%emt 0:00:03]} 11. O-O { [%emt
0:00:06]} Bxh4 {[%emt 0:00:03]} 12. Nxh4 {[%emt 0:00:06]} Qxh4 {[%emt 0:
00:02]} 13. Nb5 {[%emt 0:00:11]} O-O {[%emt 0:00:34]} 14. Re1 {[%emt 0:00:14]}
Qe7 {[%emt 0:00:10]} 15. c3 {[%emt 0:00:13]} a6 {[%emt 0:00:04]} 16. Nc7 {
[%emt 0:00:05]} Rac8 {[%emt 0:00:03]} 17. b4 {[%emt 0:00:11]} Nc6 {[%emt 0:00:
15]} 18. b5 {[%emt 0:00:13]} Ncb8 {[%emt 0:00:21]} 19. Nxa6 {[%emt 0:00:18]}
bxa6 {[%emt 0:00:03]} 20. bxa6 {[%emt 0:00:02]} Nxa6 {[%emt 0:00:02]} 21. Qa4 {
[%emt 0:00:12]} Ra8 {[%emt 0:00:07]} 22. Rab1 {[%emt 0:00:16]} Nb4 {[%emt 0:00:
04]} 23. Qb3 {[%emt 0:00:10]} Nxd3 {[%emt 0:00:23]} 24. Re3 {[%emt 0:00:07]}
Rfb8 {[%emt 0:00:28]} 25. Qc2 {[%emt 0:00:06]} N3e5 {[%emt 0:00:32]} 26. f4 {
[%emt 0:00:28]} Nc4 {[%emt 0:00:09]} 27. Rd3 {[%emt 0:00:08]} Na3 {[%emt 0:00:
22]} 28. Rxb8+ {[%emt 0:00:06]} Rxb8 {[%emt 0:00:05]} 29. Qa4 {[%emt 0:00:04]}
Nb5 {[%emt 0:00:04]} 30. c4 {[%emt 0:00:07]} Nd4 {[%emt 0:00:02]} 31. Kf2 {
[%emt 0:00:08]} Nb6 {[%emt 0:00:14]} 32. Qa3 {[%emt 0:00:22]} Qh4+ {[%emt 0:00:
05]} 33. g3 {[%emt 0:00:13]} Qxh3 {[%emt 0:00:40]} 34. Ke3 {[%emt 0:00:06]}
Nxc4+ {[%emt 0:00:03]} 35. Kf2 {[%emt 0:00:13]} Nxa3 {[%emt 0:00:03]} 36. Rxa3
{[%emt 0:00:04]} Qh2+ {[%emt 0:00:03]} 37. Ke3 {[%emt 0:00:02]} Qe2# {[%emt 0:
00:04]} 0-1